000
00297nam a2200109Ia 4500
008
160609s9999 xx 000 0 und d
100
_a
Raine, Mary.
245
_a
Editorial guidelines
245
_c
Mary Raine
260
_c
2010
856
_u
http://unesdoc.unesco.org/images/0018/001876/187637e.pdf
999
_c
295688
_d
295688